000 00613nam a2200193 4500
999 _c163560
_d163560
005 20190424105713.0
010 _aENG-125065
020 _a9788187883517
_c500.00
035 _aEN-108597
037 _bDBAD/PUB
082 _a659.1
245 _aContemporary advertising/
_ced. by Ravi Shankar [and] Madhulika Shankar
260 _aAmbala Cantt
_bIBA Publications
_c2013
270 _a6269-P, Nicholson Road
_bAmbala Cantt
_e133001
_mibapublications@hotmail.com
300 _axiv,278p.
_c23cm.(Hb)
700 _aShankar,Ravi
700 _aShankar,Madhulika
942 _2ddc
_cEN
_h659.1
_mCON